[Event "Skalica Open 2019"]
[Site "Skalica"]
[Date "2019.08.26"]
[Round "3.16"]
[White "Lhotska, Anna"]
[Black "Kantorik, Marian"]
[Result "0-1"]
[WhiteElo "1966"]
[BlackElo "2164"]
[Annotator "NA"]
[PlyCount "110"]
[EventDate "2019.08.25"]
[EventType "swiss"]
[EventCountry "SVK"]
[SourceTitle "playchess.com"]
[Source "ChessBase"]
[SourceQuality "1"]
[TimeControl "40/5400+30:1800+30"]

1. c4 {[%emt 0:05:53]} e6 {[%emt 0:00:33]} 2. Nc3 {[%emt 0:03:17]} c5 {[%emt 0:00:58]} 3. Nf3 {[%emt 0:03:46]} Nf6 {[%emt 0:00:52]} 4. e3 {[%emt 0:01:04]} Be7 {[%emt 0:00:41]} 5. Be2 {[%emt 0:04:25]} O-O {[%emt 0:00:18]} 6. O-O {[%emt 0:01:39]} d6 {[%emt 0:04:40]} 7. a3 {[%emt 0:10:12]} b6 {[%emt 0:04:31]} 8. b4 {[%emt 0:06:35]} Nbd7 {[%emt 0:01:58]} 9. d4 {[%emt 0:06:38]} Bb7 {[%emt 0:06:10]} 10. Bb2 {[%emt 0:09:53]} cxd4 {[%emt 0:05:14]} 11. exd4 {[%emt 0:00:48]} a6 {[%emt 0:00:53]} 12. Nd2 {[%emt 0:10:08]} Rc8 {[%emt 0:03:01]} 13. f4 {[%emt 0:01:37]} Re8 {[%emt 0:07:56]} 14. Bd3 {[%emt 0:05:19]} Nf8 {[%emt 0:04:03]} 15. Qe1 {[%emt 0:02:38]} g6 {[%emt 0:07:20]} 16. Qf2 {[%emt 0:02:40]} Ng4 {[%emt 0:01:17]} 17. Qe2 {[%emt 0:00:24]} f5 {[%emt 0:00:53]} 18. Nf3 {[%emt 0:01:55]} Bf6 {[%emt 0:05:38]} 19. Nd1 {[%emt 0:01:59]} Qc7 {[%emt 0:01:20]} 20. h3 {[%emt 0:02:28]} Nh6 {[%emt 0:00:08]} 21. Ne3 {[%emt 0:03:42]} Nf7 {[%emt 0:05:31]} 22. Rac1 {[%emt 0:03:19]} Nd7 {[%emt 0:06:53]} 23. Qd2 {[%emt 0:06:25]} Qb8 {[%emt 0:01:53]} 24. Bb1 {[%emt 0:02:12]} Rcd8 {[%emt 0:02:05]} 25. d5 {[%emt 0:01:08]} e5 {[%emt 0:05:00]} 26. fxe5 {[%emt 0:00:16]} dxe5 {[%emt 0:01:26]} 27. Ba2 {[%emt 0:02:01]} Rc8 {[%emt 0:05:28]} 28. Rc2 {[%emt 0:00:40]} Be7 {[%emt 0:03:09]} 29. Rfc1 {[%emt 0:00:33]} Bd6 {[%emt 0:00:27]} 30. Kh1 {[%emt 0:00:41]} Bf8 {[%emt 0:05:53]} 31. Qf2 {[%emt 0:00:35]} Qd6 {[%emt 0:00:30]} 32. Nf1 {[%emt 0:00:36]} Bh6 {[%emt 0:02:20]} 33. Re1 {[%emt 0:00:23]} Rc7 {[%emt 0:02:09]} 34. Rce2 {[%emt 0:00:35]} Bg7 {[%emt 0:00:22]} 35. Bc1 {[%emt 0:00:30]} a5 {[%emt 0:01:10]} 36. bxa5 {[%emt 0:00:29]} bxa5 {[%emt 0:00:05]} 37. a4 {[%emt 0:00:25]} Nc5 {[%emt 0:00:52]} 38. Ba3 {[%emt 0:00:35]} Nd3 {[%emt 0:02:51]} 39. Bxd6 {[%emt 0:00:21]} Nxf2+ {[%emt 0:00:07]} 40. Rxf2 {[%emt 0:00:10]} Nxd6 {[%emt 0:00:02]} 41. Rc2 {[%emt 0:30:42]} Bxd5 {[%emt 0:32:05]} 42. Rd1 {[%emt 0:00:47]} Bxf3 {[%emt 0:00:00]} 43. gxf3 {[%emt 0:00:00]} Nf7 {[%emt 0:00:00]} 44. c5 {[%emt 0:00:00]} Kf8 {[%emt 0:00:00]} 45. Ne3 {[%emt 0:00:00]} Ng5 {[%emt 0:00:00]} 46. Kg2 {[%emt 0:00:00]} Ne6 {[%emt 0:00:00]} 47. c6 {[%emt 0:00:00]} Nd4 {[%emt 0:00:00]} 48. Rc5 {[%emt 0:00:00]} Rxc6 {[%emt 0:00:00]} 49. Rxa5 {[%emt 0:00:00]} f4 {[%emt 0:00:00]} 50. Ra7 {[%emt 0:00:00]} Rb8 {[%emt 0:00:00]} 51. Rf7+ {[%emt 0:00:00]} Ke8 {[%emt 0:00:00]} 52. Rxg7 {[%emt 0:00:00]} Rb2+ {[%emt 0:00:00]} 53. Kh1 {[%emt 0:00:00]} fxe3 {[%emt 0:00:00]} 54. Bd5 {[%emt 0:00:17]} Rcc2 {[%emt 0:00:00]} 55. f4 {[%emt 0:02:07]} exf4 {[%emt 0:00:16]} 0-1

[Event "Skalica Open 2019"]
[Site "Skalica"]
[Date "2019.08.26"]
[Round "3.17"]
[White "Bilczewski, Kacper"]
[Black "Gresova, Zuzana"]
[Result "0-1"]
[WhiteElo "2116"]
[BlackElo "2008"]
[Annotator "NA"]
[PlyCount "132"]
[EventDate "2019.08.25"]
[EventType "swiss"]
[EventCountry "SVK"]
[SourceTitle "playchess.com"]
[Source "ChessBase"]
[SourceQuality "1"]
[TimeControl "40/5400+30:1800+30"]

1. e4 {[%emt 0:00:00]} c5 {[%emt 0:00:00]} 2. c3 {[%emt 0:00:00]} d5 {[%emt 0:00:00]} 3. exd5 {[%emt 0:00:00]} Qxd5 {[%emt 0:00:00]} 4. d4 {[%emt 0:00:00]} Nf6 {[%emt 0:00:59]} 5. Nf3 {[%emt 0:00:00]} Bg4 {[%emt 0:01:15]} 6. Be2 {[%emt 0:00:00]} e6 {[%emt 0:01:05]} 7. O-O {[%emt 0:00:04]} Bd6 {[%emt 0:00:57]} 8. h3 {[%emt 0:00:41]} Bh5 {[%emt 0:03:17]} 9. c4 {[%emt 0:00:30]} Qc6 {[%emt 0:06:56]} 10. dxc5 {[%emt 0:05:05]} Bxc5 {[%emt 0:03:16]} 11. Nc3 {[%emt 0:01:41]} O-O {[%emt 0:05:16]} 12. Ne5 {[%emt 0:04:05]} Bxe2 {[%emt 0:10:41]} 13. Qxe2 {[%emt 0:00:58]} Qc8 {[%emt 0:01:50]} 14. Bg5 {[%emt 0:07:28]} Nbd7 {[%emt 0:03:05]} 15. Rad1 {[%emt 0:06:03]} a6 {[%emt 0:03:53]} 16. a3 {[%emt 0:02:30]} Re8 {[%emt 0:04:17]} 17. Rd2 {[%emt 0:07:32]} Qc7 {[%emt 0:05:52]} 18. Nxd7 {[%emt 0:01:48]} Nxd7 {[%emt 0:00:15]} 19. Rfd1 {[%emt 0:00:06]} Nf8 {[%emt 0:01:08]} 20. Qg4 {[%emt 0:03:32]} f5 {[%emt 0:08:11]} 21. Qe2 {[%emt 0:04:23]} h6 {[%emt 0:03:55]} 22. Bh4 {[%emt 0:00:47]} g5 {[%emt 0:05:41]} 23. Qh5 {[%emt 0:05:52]} gxh4 {[%emt 0:02:41]} 24. Qxh6 {[%emt 0:01:42]} Qe7 {[%emt 0:03:38]} 25. b4 {[%emt 0:00:11]} Ba7 {[%emt 0:01:39]} 26. Re1 {[%emt 0:02:23]} Qh7 {[%emt 0:01:59]} 27. Qg5+ {[%emt 0:00:16]} Qg7 {[%emt 0:00:31]} 28. Qxg7+ {[%emt 0:05:22]} Kxg7 {[%emt 0:00:09]} 29. Red1 {[%emt 0:00:01]} Rac8 {[%emt 0:03:24]} 30. c5 {[%emt 0:00:16]} Bb8 {[%emt 0:02:58]} 31. Na4 {[%emt 0:00:10]} Bc7 {[%emt 0:00:51]} 32. Nb2 {[%emt 0:00:46]} Rcd8 {[%emt 0:01:05]} 33. Nc4 {[%emt 0:00:03]} Rxd2 {[%emt 0:00:58]} 34. Rxd2 {[%emt 0:00:04]} Rd8 {[%emt 0:00:22]} 35. Rxd8 {[%emt 0:00:14]} Bxd8 {[%emt 0:01:05]} 36. Nd6 {[%emt 0:00:07]} Nd7 {[%emt 0:03:08]} 37. Nxb7 {[%emt 0:00:05]} Bc7 {[%emt 0:00:37]} 38. a4 {[%emt 0:00:32]} Kf7 {[%emt 0:01:59]} 39. b5 {[%emt 0:00:29]} axb5 {[%emt 0:00:28]} 40. axb5 {[%emt 0:00:04]} Ne5 {[%emt 0:01:37]} 41. b6 {[%emt 0:37:49]} Bb8 {[%emt 0:32:48]} 42. Na5 {[%emt 0:00:05]} Nd7 {[%emt 0:01:54]} 43. Nb3 {[%emt 0:02:16]} Kf6 {[%emt 0:02:09]} 44. b7 {[%emt 0:01:59]} Be5 {[%emt 0:00:00]} 45. Kf1 {[%emt 0:00:00]} Bc7 {[%emt 0:00:00]} 46. c6 {[%emt 0:00:00]} Nb8 {[%emt 0:00:00]} 47. Nd4 {[%emt 0:00:00]} Bb6 {[%emt 0:00:00]} 48. Ke2 {[%emt 0:00:00]} Ke7 {[%emt 0:00:00]} 49. f4 {[%emt 0:00:00]} Kd6 {[%emt 0:00:00]} 50. Nf3 {[%emt 0:00:00]} Bd8 {[%emt 0:00:00]} 51. Nd4 {[%emt 0:00:00]} Bc7 {[%emt 0:00:00]} 52. Nf3 {[%emt 0:00:00]} Kxc6 {[%emt 0:00:00]} 53. Nxh4 {[%emt 0:00:00]} Bxf4 {[%emt 0:00:00]} 54. Ng6 {[%emt 0:00:00]} Bh6 {[%emt 0:00:00]} 55. h4 {[%emt 0:00:00]} Kxb7 {[%emt 0:00:00]} 56. Ne5 {[%emt 0:00:00]} Nc6 {[%emt 0:00:00]} 57. Nf7 {[%emt 0:00:00]} Bg7 {[%emt 0:00:00]} 58. h5 {[%emt 0:00:00]} Kc7 {[%emt 0:00:00]} 59. h6 {[%emt 0:00:00]} Bf6 {[%emt 0:00:21]} 60. h7 {[%emt 0:00:00]} Ne5 {[%emt 0:00:40]} 61. h8=Q {[%emt 0:00:00]} Bxh8 {[%emt 0:00:11]} 62. Nxh8 {[%emt 0:00:00]} Kd6 {[%emt 0:00:36]} 63. Ke3 {[%emt 0:00:00]} Ke7 {[%emt 0:00:19]} 64. Kd4 {[%emt 0:00:00]} Kf6 {[%emt 0:00:18]} 65. Kc5 {[%emt 0:00:00]} Nd3+ {[%emt 0:00:42]} 66. Kd6 {[%emt 0:00:00]} Nf4 {[%emt 0:00:36]} 0-1

[Event "Skalica Open 2019"]
[Site "Skalica"]
[Date "2019.08.26"]
[Round "3.18"]
[White "Kovarikova, Maria"]
[Black "Jun, Rudolf Jr."]
[Result "0-1"]
[WhiteElo "1854"]
[BlackElo "2114"]
[Annotator "NA"]
[PlyCount "92"]
[EventDate "2019.08.25"]
[EventType "swiss"]
[EventCountry "SVK"]
[SourceTitle "playchess.com"]
[Source "ChessBase"]
[SourceQuality "1"]
[TimeControl "40/5400+30:1800+30"]

1. e4 {[%emt 0:00:00]} c5 {[%emt 0:05:33]} 2. Nc3 {[%emt 0:00:00]} Nc6 {[%emt 0:00:52]} 3. g3 {[%emt 0:00:00]} g6 {[%emt 0:00:07]} 4. Bg2 {[%emt 0:00:00]} Bg7 {[%emt 0:00:03]} 5. d3 {[%emt 0:00:03]} e6 {[%emt 0:00:29]} 6. f4 {[%emt 0:00:06]} Nge7 {[%emt 0:00:13]} 7. Nf3 {[%emt 0:00:22]} d6 {[%emt 0:00:06]} 8. O-O {[%emt 0:00:19]} O-O {[%emt 0:00:04]} 9. Be3 {[%emt 0:00:35]} a6 {[%emt 0:00:33]} 10. Rb1 {[%emt 0:14:08]} b5 {[%emt 0:03:37]} 11. g4 {[%emt 0:13:36]} f5 {[%emt 0:00:55]} 12. h3 {[%emt 0:27:50]} Bb7 {[%emt 0:02:00]} 13. exf5 {[%emt 0:06:53]} gxf5 {[%emt 0:03:42]} 14. Ne2 {[%emt 0:13:17]} Nd5 {[%emt 0:01:05]} 15. Bd2 {[%emt 0:04:01]} Nf6 {[%emt 0:00:46]} 16. g5 {[%emt 0:02:48]} Nd5 {[%emt 0:00:57]} 17. c4 {[%emt 0:06:32]} Nc7 {[%emt 0:04:08]} 18. h4 {[%emt 0:03:04]} d5 {[%emt 0:00:57]} 19. cxb5 {[%emt 0:01:12]} axb5 {[%emt 0:07:44]} 20. h5 {[%emt 0:01:11]} Bh8 {[%emt 0:01:45]} 21. a3 {[%emt 0:02:49]} c4 {[%emt 0:01:59]} 22. d4 {[%emt 0:00:24]} Ne8 {[%emt 0:01:31]} 23. Bc3 {[%emt 0:00:53]} Nd6 {[%emt 0:00:16]} 24. Qe1 {[%emt 0:01:10]} Ne4 {[%emt 0:00:30]} 25. Kh1 {[%emt 0:00:35]} Qe7 {[%emt 0:01:35]} 26. Rg1 {[%emt 0:00:08]} Ra4 {[%emt 0:04:29]} 27. Bh3 {[%emt 0:00:23]} b4 {[%emt 0:01:13]} 28. axb4 {[%emt 0:00:16]} Nxb4 {[%emt 0:00:24]} 29. Bxb4 {[%emt 0:00:13]} Rxb4 {[%emt 0:00:04]} 30. h6 {[%emt 0:01:36]} Rb3 {[%emt 0:01:35]} 31. Nc3 {[%emt 0:00:31]} Bc6 {[%emt 0:00:20]} 32. g6 {[%emt 0:00:11]} hxg6 {[%emt 0:00:50]} 33. Rxg6+ {[%emt 0:00:40]} Kh7 {[%emt 0:01:08]} 34. Rg1 {[%emt 0:00:30]} Bf6 {[%emt 0:00:36]} 35. Nxe4 {[%emt 0:00:34]} dxe4 {[%emt 0:01:01]} 36. Rg7+ {[%emt 0:00:32]} Bxg7 {[%emt 0:00:27]} 37. Ng5+ {[%emt 0:00:12]} Kg8 {[%emt 0:01:22]} 38. h7+ {[%emt 0:00:46]} Kh8 {[%emt 0:00:24]} 39. Qh4 {[%emt 0:00:33]} e3+ {[%emt 0:01:36]} 40. Kh2 {[%emt 0:00:19]} Qf6 {[%emt 0:00:29]} 41. Rg1 {[%emt 0:30:42]} Rxb2+ {[%emt 0:30:34]} 42. Bg2 {[%emt 0:00:07]} Qh6 {[%emt 0:00:45]} 43. Qxh6 {[%emt 0:00:18]} Bxh6 {[%emt 0:00:05]} 44. Kh3 {[%emt 0:00:20]} Bxg2+ {[%emt 0:00:08]} 45. Rxg2 {[%emt 0:00:17]} Rxg2 {[%emt 0:00:06]} 46. Kxg2 {[%emt 0:00:02]} Bxg5 {[%emt 0:00:08]} 0-1

[Event "Skalica Open 2019"]
[Site "Skalica"]
[Date "2019.08.26"]
[Round "3.19"]
[White "Havelka, Ondrej"]
[Black "Chan, Naruna"]
[Result "1-0"]
[WhiteElo "2112"]
[BlackElo "1950"]
[Annotator "NA"]
[PlyCount "93"]
[EventDate "2019.08.25"]
[EventType "swiss"]
[EventCountry "SVK"]
[SourceTitle "playchess.com"]
[Source "ChessBase"]
[SourceQuality "1"]
[TimeControl "40/5400+30:1800+30"]

1. d4 {[%emt 0:06:21]} Nf6 {[%emt 0:00:00]} 2. c4 {[%emt 0:00:05]} e6 {[%emt 0:00:00]} 3. Nc3 {[%emt 0:00:17]} Bb4 {[%emt 0:00:28]} 4. e3 {[%emt 0:00:06]} b6 {[%emt 0:01:19]} 5. Nge2 {[%emt 0:01:02]} Bb7 {[%emt 0:01:19]} 6. a3 {[%emt 0:00:29]} Bxc3+ {[%emt 0:00:53]} 7. Nxc3 {[%emt 0:00:02]} d5 {[%emt 0:04:39]} 8. Bd3 {[%emt 0:10:55]} O-O {[%emt 0:03:48]} 9. O-O {[%emt 0:00:05]} Nbd7 {[%emt 0:00:49]} 10. cxd5 {[%emt 0:05:23]} exd5 {[%emt 0:00:26]} 11. b4 {[%emt 0:00:36]} Re8 {[%emt 0:08:43]} 12. Qb3 {[%emt 0:02:39]} c6 {[%emt 0:04:41]} 13. f3 {[%emt 0:09:17]} Nf8 {[%emt 0:06:39]} 14. Ra2 {[%emt 0:02:22]} Ne6 {[%emt 0:04:22]} 15. Re2 {[%emt 0:05:56]} Qe7 {[%emt 0:03:46]} 16. a4 {[%emt 0:08:30]} Rac8 {[%emt 0:04:01]} 17. Ba3 {[%emt 0:02:13]} Qd7 {[%emt 0:04:18]} 18. Bf5 {[%emt 0:02:14]} Rc7 {[%emt 0:10:45]} 19. Rd1 {[%emt 0:04:47]} Rd8 {[%emt 0:09:08]} 20. Bh3 {[%emt 0:02:46]} Qe8 {[%emt 0:00:30]} 21. Bb2 {[%emt 0:14:08]} Ba6 {[%emt 0:06:06]} 22. b5 {[%emt 0:00:33]} Bb7 {[%emt 0:01:33]} 23. bxc6 {[%emt 0:00:36]} Bxc6 {[%emt 0:00:58]} 24. Ree1 {[%emt 0:04:47]} Re7 {[%emt 0:03:26]} 25. Kf2 {[%emt 0:04:29]} Bb7 {[%emt 0:06:31]} 26. Bf5 {[%emt 0:01:49]} Ba6 {[%emt 0:00:26]} 27. Nb5 {[%emt 0:01:36]} Qd7 {[%emt 0:05:31]} 28. Bd3 {[%emt 0:03:20]} Qb7 {[%emt 0:02:20]} 29. Ba3 {[%emt 0:00:48]} Red7 {[%emt 0:00:06]} 30. Rc1 {[%emt 0:00:16]} Bxb5 {[%emt 0:01:18]} 31. axb5 {[%emt 0:00:22]} Rc8 {[%emt 0:00:49]} 32. Bb4 {[%emt 0:01:21]} Rdc7 {[%emt 0:01:17]} 33. Ra1 {[%emt 0:00:39]} Rd7 {[%emt 0:02:03]} 34. Ra2 {[%emt 0:00:26]} Qb8 {[%emt 0:00:02]} 35. g3 {[%emt 0:00:40]} h5 {[%emt 0:00:21]} 36. Kg2 {[%emt 0:01:41]} Rcc7 {[%emt 0:02:41]} 37. Rea1 {[%emt 0:00:27]} Qe8 {[%emt 0:00:25]} 38. Kf2 {[%emt 0:00:27]} Ng5 {[%emt 0:00:28]} 39. Bf5 {[%emt 0:01:22]} Ne6 {[%emt 0:00:33]} 40. Ra4 {[%emt 0:02:34]} Qb8 {[%emt 0:01:53]} 41. Qa3 {[%emt 0:31:11]} g6 {[%emt 0:05:27]} 42. Bd3 {[%emt 0:00:00]} Ng5 {[%emt 0:05:32]} 43. Re1 {[%emt 0:00:00]} Qe8 {[%emt 0:04:28]} 44. Bd6 {[%emt 0:00:00]} Rb7 {[%emt 0:00:29]} 45. Rc1 {[%emt 0:00:00]} Kg7 {[%emt 0:03:38]} 46. Be5 {[%emt 0:00:00]} Qe6 {[%emt 0:00:48]} 47. Rc6 {[%emt 0:00:00]} 1-0

[Event "Skalica Open 2019"]
[Site "Skalica"]
[Date "2019.08.26"]
[Round "3.20"]
[White "Hrbek, Stepan"]
[Black "Sefcik, Marek"]
[Result "1-0"]
[WhiteElo "2066"]
[BlackElo "2024"]
[Annotator "NA"]
[PlyCount "53"]
[EventDate "2019.08.25"]
[EventType "swiss"]
[EventCountry "SVK"]
[SourceTitle "playchess.com"]
[Source "ChessBase"]
[SourceQuality "1"]
[TimeControl "40/5400+30:1800+30"]

1. e4 {[%emt 0:06:17]} d5 {[%emt 0:00:00]} 2. exd5 {[%emt 0:00:08]} Qxd5 {[%emt 0:00:00]} 3. Nc3 {[%emt 0:00:09]} Qd6 {[%emt 0:00:00]} 4. d4 {[%emt 0:01:10]} Nf6 {[%emt 0:00:07]} 5. Nf3 {[%emt 0:03:22]} Bg4 {[%emt 0:02:26]} 6. h3 {[%emt 0:05:27]} Bxf3 {[%emt 0:01:57]} 7. Qxf3 {[%emt 0:00:48]} c6 {[%emt 0:00:13]} 8. Be3 {[%emt 0:17:05]} e6 {[%emt 0:02:32]} 9. Be2 {[%emt 0:02:44]} Qc7 {[%emt 0:02:25]} 10. O-O {[%emt 0:02:02]} Nbd7 {[%emt 0:02:35]} 11. Ne4 {[%emt 0:04:51]} Nxe4 {[%emt 0:02:45]} 12. Qxe4 {[%emt 0:01:17]} Nf6 {[%emt 0:00:21]} 13. Qd3 {[%emt 0:01:18]} Nd5 {[%emt 0:01:51]} 14. c4 {[%emt 0:06:31]} Nxe3 {[%emt 0:00:47]} 15. fxe3 {[%emt 0:00:46]} O-O-O {[%emt 0:04:10]} 16. Qe4 {[%emt 0:13:54]} Kb8 {[%emt 0:12:30]} 17. Rab1 {[%emt 0:02:20]} Qd7 {[%emt 0:06:23]} 18. b4 {[%emt 0:05:41]} f5 {[%emt 0:00:59]} 19. Qc2 {[%emt 0:01:11]} e5 {[%emt 0:14:29]} 20. Rfd1 {[%emt 0:04:04]} e4 {[%emt 0:01:03]} 21. c5 {[%emt 0:00:14]} Be7 {[%emt 0:18:35]} 22. b5 {[%emt 0:03:52]} Rc8 {[%emt 0:04:52]} 23. b6 {[%emt 0:05:08]} a6 {[%emt 0:09:25]} 24. Qa4 {[%emt 0:01:45]} Rcd8 {[%emt 0:00:42]} 25. Bxa6 {[%emt 0:06:38]} bxa6 {[%emt 0:00:15]} 26. b7 {[%emt 0:00:05]} Qxb7 {[%emt 0:00:21]} 27. Qxc6 {[%emt 0:00:39]} 1-0

[Event "Skalica Open 2019"]
[Site "Skalica"]
[Date "2019.08.26"]
[Round "3.21"]
[White "Krupnova, Anna"]
[Black "Petkevich, Denis"]
[Result "1/2-1/2"]
[WhiteElo "1712"]
[BlackElo "1863"]
[Annotator "NA"]
[PlyCount "164"]
[EventDate "2019.08.25"]
[EventType "swiss"]
[EventCountry "SVK"]
[SourceTitle "playchess.com"]
[Source "ChessBase"]
[SourceQuality "1"]
[TimeControl "40/5400+30:1800+30"]

1. d4 {[%emt 0:01:48]} Nf6 {[%emt 0:00:00]} 2. c4 {[%emt 0:00:17]} g6 {[%emt 0:00:00]} 3. Nc3 {[%emt 0:00:27]} Bg7 {[%emt 0:00:00]} 4. e4 {[%emt 0:00:13]} d6 {[%emt 0:00:00]} 5. Be2 {[%emt 0:00:08]} O-O {[%emt 0:00:02]} 6. Bg5 {[%emt 0:00:14]} Nbd7 {[%emt 0:02:34]} 7. Qd2 {[%emt 0:01:11]} e5 {[%emt 0:01:48]} 8. d5 {[%emt 0:00:43]} a5 {[%emt 0:04:47]} 9. f3 {[%emt 0:00:47]} Nc5 {[%emt 0:02:16]} 10. g4 {[%emt 0:00:40]} Qd7 {[%emt 0:01:42]} 11. h4 {[%emt 0:01:36]} Ne8 {[%emt 0:03:38]} 12. h5 {[%emt 0:04:34]} f6 {[%emt 0:00:38]} 13. Be3 {[%emt 0:05:36]} Rf7 {[%emt 0:03:42]} 14. hxg6 {[%emt 0:02:54]} hxg6 {[%emt 0:00:02]} 15. Nh3 {[%emt 0:05:24]} Na4 {[%emt 0:04:20]} 16. Nf2 {[%emt 0:06:10]} Nxc3 {[%emt 0:00:07]} 17. Qxc3 {[%emt 0:00:15]} c5 {[%emt 0:00:46]} 18. O-O-O {[%emt 0:06:42]} Qa4 {[%emt 0:03:42]} 19. Kb1 {[%emt 0:03:59]} Qb4 {[%emt 0:02:15]} 20. Qc1 {[%emt 0:01:24]} a4 {[%emt 0:03:06]} 21. Nd3 {[%emt 0:05:23]} Qb6 {[%emt 0:00:33]} 22. Ka1 {[%emt 0:02:20]} Bd7 {[%emt 0:02:56]} 23. Rh2 {[%emt 0:01:35]} Kf8 {[%emt 0:00:09]} 24. Rdh1 {[%emt 0:10:50]} Ke7 {[%emt 0:04:59]} 25. Rh7 {[%emt 0:03:36]} Kd8 {[%emt 0:02:08]} 26. Kb1 {[%emt 0:07:15]} Qa5 {[%emt 0:05:04]} 27. Kc2 {[%emt 0:00:59]} b5 {[%emt 0:01:19]} 28. Kd1 {[%emt 0:02:20]} bxc4 {[%emt 0:04:18]} 29. Qxc4 {[%emt 0:00:31]} Bb5 {[%emt 0:00:34]} 30. Qc1 {[%emt 0:02:38]} Rb8 {[%emt 0:00:32]} 31. Bd2 {[%emt 0:01:02]} Qb6 {[%emt 0:01:22]} 32. Bc3 {[%emt 0:06:17]} Kc8 {[%emt 0:04:23]} 33. Ke1 {[%emt 0:00:38]} Rbb7 {[%emt 0:04:37]} 34. R7h3 {[%emt 0:02:33]} Bf8 {[%emt 0:03:48]} 35. Qe3 {[%emt 0:04:41]} Be7 {[%emt 0:03:14]} 36. Rh6 {[%emt 0:02:27]} Rg7 {[%emt 0:01:32]} 37. Nf2 {[%emt 0:01:59]} Bd8 {[%emt 0:01:05]} 38. Bxb5 {[%emt 0:02:15]} Qxb5 {[%emt 0:00:07]} 39. Qe2 {[%emt 0:01:12]} Nc7 {[%emt 0:00:40]} 40. Rh8 {[%emt 0:01:11]} Kd7 {[%emt 0:04:29]} 41. R1h7 {[%emt 0:30:59]} Rxh7 {[%emt 0:30:22]} 42. Rxh7+ {[%emt 0:00:06]} Be7 {[%emt 0:00:07]} 43. Nd1 {[%emt 0:02:26]} Qxe2+ {[%emt 0:01:00]} 44. Kxe2 {[%emt 0:00:05]} Nb5 {[%emt 0:00:05]} 45. Bd2 {[%emt 0:00:48]} Nd4+ {[%emt 0:00:48]} 46. Kf2 {[%emt 0:00:13]} Kc8 {[%emt 0:06:16]} 47. Rh8+ {[%emt 0:00:00]} Kd7 {[%emt 0:00:00]} 48. Ra8 {[%emt 0:00:00]} f5 {[%emt 0:00:00]} 49. gxf5 {[%emt 0:00:00]} gxf5 {[%emt 0:00:00]} 50. Rh8 {[%emt 0:00:00]} Ra7 {[%emt 0:00:00]} 51. a3 {[%emt 0:00:00]} f4 {[%emt 0:00:00]} 52. Kg2 {[%emt 0:00:00]} Kc7 {[%emt 0:00:00]} 53. Rh7 {[%emt 0:00:00]} Kb6 {[%emt 0:00:00]} 54. Nc3 {[%emt 0:00:57]} Ka5 {[%emt 0:00:00]} 55. Be1 {[%emt 0:02:07]} Rb7 {[%emt 0:00:00]} 56. Nd1+ {[%emt 0:00:59]} Ka6 {[%emt 0:00:00]} 57. Rg7 {[%emt 0:02:30]} Bd8 {[%emt 0:00:00]} 58. Rg6 {[%emt 0:00:31]} Rd7 {[%emt 0:00:00]} 59. Nc3 {[%emt 0:00:33]} Ba5 {[%emt 0:00:00]} 60. Kf2 {[%emt 0:00:25]} Bxc3 {[%emt 0:00:00]} 61. Bxc3 {[%emt 0:00:11]} Kb5 {[%emt 0:00:00]} 62. Rh6 {[%emt 0:00:45]} Kc4 {[%emt 0:00:00]} 63. Rh8 {[%emt 0:00:30]} Ra7 {[%emt 0:00:00]} 64. Rh6 {[%emt 0:00:37]} Nb5 {[%emt 0:00:00]} 65. Bd2 {[%emt 0:00:28]} Kd3 {[%emt 0:00:00]} 66. Bc1 Kc2 {[%emt 0:00:00]} 67. Rh1 {[%emt 0:00:56]} Nd4 {[%emt 0:00:00]} 68. Rh6 {[%emt 0:00:32]} Ra6 {[%emt 0:00:00]} 69. Bxf4 {[%emt 0:00:15]} exf4 {[%emt 0:00:00]} 70. e5 {[%emt 0:00:04]} Nb5 {[%emt 0:01:18]} 71. e6 {[%emt 0:00:08]} Ra7 {[%emt 0:00:05]} 72. Rf6 {[%emt 0:00:14]} Kxb2 {[%emt 0:01:02]} 73. Rf7 {[%emt 0:00:23]} Nc7 {[%emt 0:03:20]} 74. Rd7 {[%emt 0:01:16]} c4 {[%emt 0:00:57]} 75. e7 {[%emt 0:01:05]} c3 {[%emt 0:02:21]} 76. Rxc7 {[%emt 0:00:12]} Ra8 {[%emt 0:02:14]} 77. Ke2 {[%emt 0:00:33]} Kc2 {[%emt 0:01:11]} 78. Rd7 {[%emt 0:00:37]} Re8 {[%emt 0:00:07]} 79. Rc7 {[%emt 0:00:37]} Rh8 {[%emt 0:05:40]} 80. Rc6 {[%emt 0:00:32]} Re8 {[%emt 0:01:19]} 81. Rc7 {[%emt 0:00:24]} Rh8 {[%emt 0:00:10]} 82. Rc6 {[%emt 0:00:34]} Re8 {[%emt 0:00:07]} 1/2-1/2

[Event "Skalica Open 2019"]
[Site "Skalica"]
[Date "2019.08.26"]
[Round "3.22"]
[White "Ivanov, Alexander"]
[Black "Vlcek, Antonin"]
[Result "1/2-1/2"]
[WhiteElo "2473"]
[BlackElo "1686"]
[Annotator "ChessBase"]
[PlyCount "71"]
[EventDate "2019.08.25"]
[EventType "swiss"]
[EventCountry "SVK"]
[SourceTitle "playchess.com"]
[Source "ChessBase"]
[SourceQuality "1"]
[TimeControl "40/5400+30:1800+30"]

1. d4 {[%emt 0:00:00]} Nf6 {[%emt 0:00:00]} 2. c4 {[%emt 0:00:00]} e6 {[%emt 0:00:00]} 3. g3 {[%emt 0:00:00]} d5 {[%emt 0:01:23]} 4. Nf3 {[%emt 0:00:00]} Bb4+ {[%emt 0:02:08]} 5. Bd2 {[%emt 0:00:29]} Bxd2+ 6. Qxd2 Ne4 {[%emt 0:10:27]} 7. Qc2 {[%emt 0:01:04]} Nc6 {[%emt 0:05:15]} 8. a3 {[%emt 0:06:52]} O-O {[%emt 0:01:49]} 9. Bg2 {[%emt 0:02:10]} a5 {[%emt 0:02:30]} 10. O-O {[%emt 0:04:23]} Qf6 {[%emt 0:03:29]} 11. e3 {[%emt 0:00:51]} Ra6 {[%emt 0:08:19]} 12. Nbd2 {[%emt 0:13:01]} Nxd2 {[%emt 0:04:19]} 13. Nxd2 {[%emt 0:00:51]} Ne7 {[%emt 0:02:01]} 14. Qc3 {[%emt 0:03:21]} c5 {[%emt 0:02:42]} 15. dxc5 {[%emt 0:03:06]} Qxc3 {[%emt 0:02:24]} 16. bxc3 {[%emt 0:00:04]} Rc6 {[%emt 0:00:51]} 17. Rab1 {[%emt 0:02:49]} Rxc5 {[%emt 0:01:05]} 18. Rb5 {[%emt 0:04:28]} Rxb5 {[%emt 0:00:48]} 19. cxb5 {[%emt 0:00:06]} Bd7 {[%emt 0:01:07]} 20. a4 {[%emt 0:00:40]} Rc8 {[%emt 0:01:01]} 21. Rc1 {[%emt 0:01:27]} b6 {[%emt 0:02:40]} 22. Kf1 {[%emt 0:01:32]} e5 {[%emt 0:01:37]} 23. Ke2 {[%emt 0:06:15]} Be6 {[%emt 0:01:19]} 24. f4 {[%emt 0:12:33]} e4 {[%emt 0:01:07]} 25. c4 {[%emt 0:03:25]} f5 {[%emt 0:03:43]} 26. c5 {[%emt 0:08:23]} bxc5 {[%emt 0:04:30]} 27. Nb3 {[%emt 0:00:16]} c4 {[%emt 0:00:33]} 28. Nd4 {[%emt 0:00:28]} Kf7 {[%emt 0:02:01]} 29. Kd2 {[%emt 0:00:55]} Rb8 {[%emt 0:03:50]} 30. Kc3 {[%emt 0:05:09]} Bd7 {[%emt 0:03:06]} 31. Ne2 {[%emt 0:01:31]} Ke6 {[%emt 0:03:54]} 32. Nd4+ {[%emt 0:05:59]} Kd6 {[%emt 0:00:27]} 33. h4 {[%emt 0:01:41]} h5 {[%emt 0:00:47]} 34. Bf1 {[%emt 0:00:51]} Rb6 {[%emt 0:04:09]} 35. Be2 {[%emt 0:00:43]} g6 {[%emt 0:00:45]} 36. Bd1 {[%emt 0:02:32]} 1/2-1/2